BIBLIOTHÈQUE DE LA MAISON DU MEXIQUE

Logo 1 Logo 2

La Catedral de Puebla = The Cathedral of Puebla = La Cathédrale de Puebla (notice nᵒ 3006)

détails MARC
000 -Sello discográfico
campo de control de longitud fija 01182nam a2200301 4500
005 - Identificación de versión
campo de control 20260209110605.0
010 ## - Número Estándar Internacional de Libros (ISBN)
Número (ISBN) 968-863-029-2
035 ## - Otros números de control del sistema
Número de control del sistema 24426
099 ## - fechas locales
Tipo de ítem Koha LIBRO
100 ## - Datos de procesamiento general
Datos de procesamiento general 19980304d19901986m y1spay5003 ba
101 1# - Idioma del recurso
Idioma del texto, banda sonora, etc. Español; Castellano
-- Inglés
-- Francés
105 ## - Campo de datos codificados: Material textual, monográfico
Datos codificados de monografía a 001zy
200 1# - Título y mención de responsabilidad
Título propio La Catedral de Puebla = The Cathedral of Puebla = La Cathédrale de Puebla
Designación general del material texto impreso
Primer mención de responsabilidad Testimonios gráficos Adalberto Luyando Lares
Declaración de responsabilidad subsiguiente sinópsis histórica Antonio Juárez Burgos
205 ## - Declaración de edición
Declaración de edición 1a reimpr de la 1a ed
210 ## - Publicación, distribución, etc.
Lugar de publicación, distribución, etc. México
Nombre del editor, distribuidor, etc. Gobierno del Estado de Puebla
-- Universidad Autónoma de Puebla
-- Comisión Puebla del V Centenario
Fecha de publicación, distribución, etc. 1990
215 ## - Descripción física
Designación de material específico y extensión del ítem 125 p
Otras características físicas principalmente fot.
Dimensiones 36 cm
300 ## - Notas generales
Texto de la nota Incluye índice onomástico. V Centenario del Descubrimiento de América : 1492-1992
300 ## - Notas generales
Texto de la nota Edición trilingüe español-inglés-francés
345 ## - Nota de información de adquisición
Fuente de adquisición/dirección de la suscripción [OBSOLETO] Donación
607 ## - Nombre geográfico utilizado como tema
Elemento de entrada Puebla, Ciudad (México). Catedral
Número Koha 6373
660 ## - Código de área geográfica
Código MX
702 ## - Nombre personal - Responsabilidad secundaria
Elemento de entrada Juárez Burgos
Parte del nombre distinta del elemento de entrada Antonio
Número Koha 6374
702 ## - Nombre personal - Responsabilidad secundaria
Elemento de entrada Luyando Lares
Parte del nombre distinta del elemento de entrada Adalberto
Número Koha 6375
801 #0 - Fuente de origen
País FR
Agencia cm
Reglas de catalogación (convenciones descriptivas) AFNOR
942 ## - ELEMENTOS DE ENTRADA SECUNDARIOS (KOHA)
Tipo de ítem Koha Livre
Exemplaires
Estatus retirado Estado de daño Estado de pérdida Fuente de la clasificación o esquema de estantería Fecha de adquisición Biblioteca de origen Biblioteca actual Código de barras Precio de reemplazo Signatura topográfica completa No para préstamo Tipo de ítem Koha Nota no pública
      Clasificación Decimal Dewey 09/02/2026 Casa México Paris Casa México Paris 000627 09/02/2026 F726.6 L978c No se presta a domicilio Livre 751145101